Moderné trendy v personalistike bakalárska práca

Guardado en:
Detalles Bibliográficos
Autor principal: Zaťková, Petra
Autor Corporativo: Obchodná fakulta EU. Katedra marketingu
Otros Autores: Hvizdová, Eva, ml
Formato: Libro
Lenguaje:eslovaco
Publicado: Bratislava 2014
Etiquetas: Agregar Etiqueta
Sin Etiquetas, Sea el primero en etiquetar este registro!

MARC

LEADER 00000nbm a2200000 4500
001 0188295
005 20170201101320.3
041 0 |a slo 
044 |a SK 
245 1 0 |a Moderné trendy v personalistike  |b bakalárska práca  |c Petra Zaťková ; školiteľ: Eva Hvizdová 
264 1 |a Bratislava  |c 2014 
300 |a 52 s. 
100 1 |a Zaťková, Petra 
700 1 |a Hvizdová, Eva, ml. 
710 2 |a Obchodná fakulta EU. Katedra marketingu